Представление документа в формате RUSMARC

ПолеНазваниеЗначение
  Тип записи i
  Библиографический уровень m
001 Контрольный номер RU/SLIB/B/226413174
005 Дата корректировки 20260424142724.4
010 Индекс ISBN __
d Цена 128-00
101 Язык документа 0_
a Язык текста rus
c Язык оригинала nnn
200 Заглавие и сведения об ответственности 1_
a Заглавие Хромой бес
e Сведения, относящиеся к заглавию [аудиокнига : роман]
f Первые сведения об ответственности Ален Рене Лесаж ; читает Петр Маркин ; звукорежиссер Влад Алексеев
b Общее обозначение материала Звукозапись
210 Выходные данные 1_
a Место издания М.
c Издательство Говорящая кн.
d Дата издания 2006
215 Физическое описание __
a Объем 1 электрон. опт. диск (Audio CD) (9 ч. 37 мин.)
225 Серия 2_
a Серия "Алмазный фонд" мировой литературы
225 Серия 2_
a Серия 3 в 1! : Звук, Текст, Визуал - слушай, смотри, читай!
300 Общие примечания __
a Общие примечания CD-плеер с поддержкой MP3 ; Pentium-233 с Windows 98-XP ; CD-ROM ; AudioCD ; звуковая карта. - Говорящие кн. - информ.-реабилитац. изд., рек. для людей, не имеющих возможности читать
323 Примечание о главных создателях, исполнителях, участниках __
a Примечание о главных создателях, исполнителях, участниках Маркин П. (читает)
330 Аннотация __
a Аннотация Продолжаются обличительные традиции французского бытового романа 17 века. Главный герой - бес любострастия Амосдей, заточенный в колбу и вновь обретающий свободу, силой собственного бесовства поднимает завесу тайн мадридских домов перед взором спасителя-студента, и они ночь напролет путешествует по кварталам спящего города, заглядывая в окна домов и в души его жителей.
333 Примечание о целевом назначении __
a Примечание о целевом назначении 18+. Запрещено для детей
606 Тематические рубрики __
a Основная рубрика Художественная литература
z Хронологическая подрубрика 17 в.
606 Тематические рубрики __
a Основная рубрика Литература Европы (произведения)
610 Ключевые слова 0_
a Ключевые слова французская литература; романы; бытовые романы; тема нечистой силы; тема грехов; тема любви
686 Индексы других классификаций __
a Классификационный индекс 84(4Фра)-4я04
700 Автор _1
a Фамилия Лесаж
b Имя А. Р.
g Полное личное имя Ален Рене
4 Код отношения 070
702 Вторичная интеллектуальная ответственность _1
a Фамилия Алексеев
b Имя В.
4 Код отношения Звукорежиссер
g Полное личное имя Владислав
801 Источник записи _0
a Страна RU
b Организация Муниципальное бюджетное учреждение культуры "Централизованная библиотечная система" г. Сургут (Центральная городская библиотека им. А. С. Пушкина)
g Правила каталогизации КиК/Поспелова
801 Источник записи _1
a Страна RU
b Организация Муниципальное бюджетное учреждение культуры "Централизованная библиотечная система" г. Сургут (Центральная городская библиотека им. А. С. Пушкина)
g Правила каталогизации КиК/Поспелова
852 Данные о местонахождении __
j Шифр хранения 84(4Фра)-4я04
c Каталожный индекс 84(4Фра)-4я04
i Авторский знак Л 50
901 Тип документа __
t Тип документа 0
903 Характеристики (МАРС) __
a Дата передачи 20070307
969 Тип издания __
a Тип издания аудиокнига
990 Данные о заказе (DOS) __
j Количество экземпляров (DOS) 2
h N записи в КСУ для Б/У (DOS) 200703